Corneille et la poétique d'Aristote / (Record no. 157491)

MARC details
000 -LEADER
campo de control de longitud fija 00648nam a22001695i 4500
001 - NÚMERO DE CONTROL
campo de control 157491
003 - IDENTIFICADOR DE NÚMERO DE CONTROL
campo de control ES-MaACL
005 - FECHA Y HORA DE LA ÚLTIMA TRANSACCIÓN
campo de control 20230906210716.0
008 - DATOS DE LONGITUD FIJA--INFORMACIÓN GENERAL
campo de control de longitud fija 040810s1888 fr |||| | fre d
040 ## - FUENTE DE CATALOGACIÓN
Centro catalogador/agencia de origen CAM
Lengua de catalogación spa
Centro/agencia transcriptor CAM
100 1# - ENTRADA PRINCIPAL--NOMBRE DE PERSONA
Nombre de persona Lemaitre, Jules.
9 (RLIN) 71458
245 10 - MENCIÓN DEL TÍTULO
Título Corneille et la poétique d'Aristote /
Mención de responsabilidad, etc. Jules Lemaitre.
260 ## - PUBLICACIÓN, DISTRIBUCIÓN, ETC.
Lugar de publicación, distribución, etc. Paris :
Nombre del editor, distribuidor, etc. Librairie H. Lecène et H. Oudin,
Fecha de publicación, distribución, etc. 1888 (
Lugar de fabricación/manufactura Sceaux :
Fabricante Imprimerie Charaire et fils)
300 ## - DESCRIPCIÓN FÍSICA
Extensión 84 p. ;
Dimensiones 18 cm.
600 14 - PUNTO DE ACCESO ADICIONAL DE MATERIA--NOMBRE DE PERSONA
Nombre de persona Corneille, Pierre-
Subdivisión general Crítica e interpretación.
9 (RLIN) 40603
852 ## - LOCALIZACIÓN
Ubicación ES-MaACL
Número de control de estantería T-1426-F-3
Nota libre -- Enc. hol. conservando la cub. original
-- -- Enc. en un vol. facticio
Holdings
Estatus retirado Estado de pérdida Estado de daño No para préstamo Colección Biblioteca de origen Biblioteca actual Ubicación en estantería Fecha de adquisición Total de préstamos Signatura topográfica completa Código de barras Visto por última vez Precio de reemplazo Tipo de ítem Koha
        Colección de folletos Biblioteca del Ateneo de Madrid Biblioteca del Ateneo de Madrid Depósito folletos 17/01/2008   T-1426-F-3 1164809 23/02/2023 23/02/2023 Folleto